[Event "Damhus-ch A"]
[Site "Rodovre"]
[Date "2011.10.25"]
[Round "7"]
[White "Smidt, Johnny"]
[Black "Hejberg, Carsten"]
[Result "0-1"]
[WhiteElo "1619"]
[BlackElo "1889"]
[PlyCount "112"]
[EventDate "2011.09.06"]
[EventType "tourn"]
[EventRounds "7"]
[EventCountry "DEN"]
[SourceTitle "EXT 2023"]
[Source "ChessBase"]
[SourceDate "2022.10.05"]
[SourceVersion "1"]
[SourceVersionDate "2022.10.05"]
[SourceQuality "1"]

1. e4 c6 2. d4 d5 3. Nd2 dxe4 4. Nxe4 Nf6 5. Nxf6+ gxf6 6. Nf3 Bf5 7. g3 e6 8. Bg2 Nd7 9. 0-0 Qc7 10. c3 0-0-0 11. Re1 Bg4 12. Qa4 Kb8 13. Qb3 h5 14. a4 Bxf3 15. Bxf3 h4 16. Bf4 Bd6 17. Bxd6 Qxd6 18. a5 hxg3 19. hxg3 f5 20. Ra4 Rc8 21. Rb4 Rc7 22. Qa3 Qf8 23. Qa4 Qd6 24. Qa3 Qf8 25. Rb3 Qxa3 26. Rxa3 Nf6 27. Kg2 Rd8 28. b4 Nd5 29. Bxd5 cxd5 30. Kf3 Rdc8 31. Re3 a6 32. Kf4 Rg8 33. Kf3 Kc8 34. Re1 Kd7 35. Rh1 Rgc8 36. Rc1 Rc4 37. Ke3 Rxb4 38. Rh1 Rb2 39. Rf1 Kc6 40. Rc1 Kb5 41. f3 Rc4 42. Rca1 Rc8 43. Kf4 Kc6 44. Ke5 Rg8 45. Rg1 Rg6 46. c4 dxc4 47. Rh1 Rxg3 48. Rh7 Rb3 49. Ra1 Rgxf3 50. Rxf7 Rfe3+ 51. Kf6 c3 52. Ra4 Kb5 53. Ra1 Kc4 54. Ra4+ Kd3 55. d5 exd5 56. Rd7 Rb5 0-1

[Event "Rodovre-ch A"]
[Site "Rodovre"]
[Date "2009.09.29"]
[Round "5"]
[White "Helleshoj, Knud Erik"]
[Black "Smidt, Johnny"]
[Result "0-1"]
[WhiteElo "1599"]
[BlackElo "1656"]
[PlyCount "88"]
[EventDate "2009.09.01"]
[EventType "tourn"]
[EventRounds "7"]
[EventCountry "DEN"]
[SourceTitle "EXT 2023"]
[Source "ChessBase"]
[SourceDate "2022.10.05"]
[SourceVersion "1"]
[SourceVersionDate "2022.10.05"]
[SourceQuality "1"]

1. e4 c5 2. Nf3 Nc6 3. d4 cxd4 4. Nxd4 Nf6 5. Nc3 g6 6. Be2 Bg7 7. 0-0 0-0 8. Be3 d5 9. exd5 Nxd5 10. Nxd5 Qxd5 11. Nxc6 Qxc6 12. c3 Bf5 13. Bf3 Qb5 14. Qe2 Bd3 15. Qd2 Bxf1 16. Rxf1 Rfd8 17. Qc2 Qa5 18. a3 Rd7 19. Re1 Rad8 20. Bg4 f5 21. Bf3 Kh8 22. Bg5 Qc5 23. Be3 Qc7 24. Qb3 b6 25. Qc2 h6 26. Qc1 Kh7 27. Bf4 e5 28. Bg3 Bf6 29. h3 Qc5 30. b4 Qc7 31. Bh2 b5 32. Be2 Rd2 33. Kf1 a6 34. c4 bxc4 35. Bxc4 Qb6 36. Be2 R8d7 37. Qc5 Qxc5 38. bxc5 Rc2 39. Bxa6 Rxc5 40. a4 Rd2 41. Bb5 Bh4 42. g3 Bf6 43. Bg1 Rcc2 44. Re2 Rd1+ 0-1

[Event "Rodovre-ch A"]
[Site "Rodovre"]
[Date "2006.09.12"]
[Round "2"]
[White "Smidt, Johnny"]
[Black "Hojgaard, Knud"]
[Result "0-1"]
[WhiteElo "1736"]
[BlackElo "1822"]
[PlyCount "114"]
[EventDate "2006.09.05"]
[EventType "tourn"]
[EventRounds "7"]
[EventCountry "DEN"]
[SourceTitle "EXT 2023"]
[Source "ChessBase"]
[SourceDate "2022.10.05"]
[SourceVersion "1"]
[SourceVersionDate "2022.10.05"]
[SourceQuality "1"]

1. e4 e6 2. d4 d5 3. Nd2 Nf6 4. e5 Nfd7 5. Bd3 c5 6. c3 Nc6 7. Ne2 cxd4 8. cxd4 f6 9. exf6 Nxf6 10. Nf3 Bd6 11. 0-0 Qc7 12. Nc3 a6 13. Re1 0-0 14. h3 Bd7 15. Ng5 Rae8 16. Nf3 Re7 17. Bg5 Be8 18. Bh4 h6 19. Bxf6 Rxf6 20. Rc1 Qb6 21. a3 Bf4 22. Ra1 Bh5 23. Be2 Qa7 24. g4 Bg6 25. Kg2 Bd6 26. Rf1 Rf4 27. Bd3 Bxd3 28. Qxd3 Nxd4 29. Nh4 Ref7 30. Rad1 Nc6 31. Qe2 R7f6 32. Rd3 b5 33. Nf3 Qf7 34. Re3 d4 35. Rd3 Rxf3 36. Rxf3 Rxf3 37. Qxf3 Qxf3+ 38. Kxf3 dxc3 39. bxc3 Bxa3 40. Ra1 Ne5+ 41. Ke4 Nc4 42. Rd1 Bb2 43. Rd8+ Kf7 44. Kd3 a5 45. Kc2 Ba3 46. Rc8 a4 47. Rb8 Be7 48. Kb1 Kf6 49. Kc2 Nd6 50. Kd3 e5 51. f3 Ke6 52. Ra8 Kd5 53. Ra6 e4+ 54. fxe4+ Nxe4 55. Rb6 Nc5+ 56. Ke3 Kc4 57. Rg6 Bf6 0-1

[Event "Rodovre-ch A"]
[Site "Rodovre"]
[Date "2005.09.13"]
[Round "2"]
[White "Akdag, Dara Sevkan"]
[Black "Smidt, Johnny"]
[Result "1/2-1/2"]
[WhiteElo "1589"]
[BlackElo "1593"]
[PlyCount "46"]
[EventDate "2005.09.06"]
[EventType "tourn"]
[EventRounds "7"]
[EventCountry "DEN"]
[SourceTitle "EXT 2023"]
[Source "ChessBase"]
[SourceDate "2022.10.05"]
[SourceVersion "1"]
[SourceVersionDate "2022.10.05"]
[SourceQuality "1"]

1. d4 Nf6 2. c4 c5 3. e3 g6 4. Nf3 Bg7 5. Bd3 Nc6 6. 0-0 0-0 7. a3 cxd4 8. exd4 d5 9. h3 h6 10. Nc3 dxc4 11. Bxc4 Bd7 12. Ne5 Na5 13. Ba2 e6 14. f4 Nc6 15. Kh1 Be8 16. Be3 Nh5 17. Rf3 Nxe5 18. dxe5 Bc6 19. Qxd8 Rfxd8 20. Rf2 Rd3 21. Re1 Ng3+ 22. Kh2 Nf5 23. Bc1 Ne7 1/2-1/2